000 00616nam a2200193 i 4500
001 24244
003 ES-MaACL
005 20250829063107.0
007 t|
008 021216s1974 sp ||||1| spa d
100 1 _aAmorós Rica, Narciso,
_d1918-1995
_921322
245 1 0 _aHacienda pública
_b: actividad financiera, presupuesto y gasto público /
_cNarciso Amorós, Manuel Marín.
250 _a[Reimp.].
260 _aMadrid :
_bEd. Derecho Financiero,
_c[1974]
300 _a278 p. ;
_c24 cm.
700 1 _aMarín, Manuel.
_976747
852 _aES-MaACL
_jE-6474
_bR.90999
999 _c24244
_d24244